The continuously improving self : a personal guide to TQM
| Main Author: | |
|---|---|
| Format: | Book |
| Published: |
California :
Crisp Publication ,
1992
|
| Subjects: |
MARC
| LEADER | 00000cam a2200000 7i4500 | ||
|---|---|---|---|
| 001 | 0000001297 | ||
| 002 | 000001430 | ||
| 005 | 20081219.0 | ||
| 020 | |a 1560521511 | ||
| 090 | 0 | 0 | |a 658.562 |b LIC |
| 100 | 1 | |a Lickson, Jeffrey E | |
| 245 | 1 | 4 | |a The continuously improving self : |b a personal guide to TQM |c Jeffrey E. Lickson |
| 260 | |a California : |b Crisp Publication , |c 1992 | ||
| 300 | |a 100p. ; |c 25cm. | ||
| 650 | 0 | 0 | |a Total quality management |
| 999 | |a 032671 |b BUKU |c PINJAMAN |e PERPUSTAKAAN KOMUNITI PETALING JAYA | ||